Random Finnish numbers 1-100 - Statistics

General Stats
  • This quiz has been taken 11 times
  • The average score is 9 of 10
Answer Stats
Answer % Correct
88 Kahdeksankymmentäkahdeksan
100%
83 Kahdeksankymmentäkolme
100%
84 Kahdeksankymmentäneljä
100%
87 Kahdeksankymmentäseitsemän
100%
85 Kahdeksankymmentäviisi
100%
81 Kahdeksankymmentäyksi
100%
18 Kahdeksantoista
100%
2 Kaksi
100%
20 Kaksikymmentä
100%
28 Kaksikymmentäkahdeksan
100%
24 Kaksikymmentäneljä
100%
27 Kaksikymmentäseitsemän
100%
25 Kaksikymmentäviisi
100%
3 Kolme
100%
30 Kolmekymmentä
100%
38 Kolmekymmentäkahdeksan
100%
32 Kolmekymmentäkaksi
100%
33 Kolmekymmentäkolme
100%
35 Kolmekymmentäviisi
100%
39 Kolmekymmentäyhdeksän
100%
31 Kolmekymmentäyksi
100%
13 Kolmetoista
100%
60 Kuusikymmentä
100%
62 Kuusikymmentäkaksi
100%
66 Kuusikymmentäkuusi
100%
67 Kuusikymmentäseitsemän
100%
65 Kuusikymmentäviisi
100%
69 Kuusikymmentäyhdeksän
100%
61 Kuusikymmentäyksi
100%
16 Kuusitoista
100%
40 Neljäkymmentä
100%
44 Neljäkymmentäneljä
100%
47 Neljäkymmentäseitsemän
100%
49 Neljäkymmentäyhdeksän
100%
14 Neljätoista
100%
100 Sata
100%
7 Seitsemän
100%
73 Seitsemänkymmentäkolme
100%
76 Seitsemänkymmentäkuusi
100%
74 Seitsemänkymmentäneljä
100%
53 Viisikymmentäkolme
100%
57 Viisikymmentäseitsemän
100%
59 Viisikymmentäyhdeksän
100%
15 Viisitoista
100%
90 Yhdeksänkymmentä
100%
92 Yhdeksänkymmentäkaksi
100%
97 Yhdeksänkymmentäseitsemän
100%
95 Yhdeksänkymmentäviisi
100%
99 Yhdeksänkymmentäyhdeksän
100%
91 Yhdeksänkymmentäyksi
100%
1 Yksi
100%
11 Yksitoista
100%
29 Kaksikymmentäyhdeksän
75%
22 Kaksikymmentäkaksi
67%
98 Yhdeksänkymmentäkahdeksan
67%
26 Kaksikymmentäkuusi
50%
37 Kolmekymmentäseitsemän
50%
46 Neljäkymmentäkuusi
50%
72 Seitsemänkymmentäkaksi
50%
8 Kahdeksan
0%
80 Kahdeksankymmentä
0%
82 Kahdeksankymmentäkaksi
0%
86 Kahdeksankymmentäkuusi
0%
89 Kahdeksankymmentäyhdeksän
0%
23 Kaksikymmentäkolme
0%
21 Kaksikymmentäyksi
0%
12 Kaksitoista
0%
36 Kolmekymmentäkuusi
0%
34 Kolmekymmentäneljä
0%
6 Kuusi
0%
68 Kuusikymmentäkahdeksan
0%
63 Kuusikymmentäkolme
0%
64 Kuusikymmentäneljä
0%
10 Kymmenen
0%
4 Neljä
0%
48 Neljäkymmentäkahdeksan
0%
42 Neljäkymmentäkaksi
0%
43 Neljäkymmentäkolme
0%
45 Neljäkymmentäviisi
0%
41 Neljäkymmentäyksi
0%
70 Seitsemänkymmentä
0%
78 Seitsemänkymmentäkahdeksan
0%
77 Seitsemänkymmentäseitsemän
0%
75 Seitsemänkymmentäviisi
0%
79 Seitsemänkymmentäyhdeksän
0%
71 Seitsemänkymmentäyksi
0%
17 Seitsemäntoista
0%
5 Viisi
0%
50 Viisikymmentä
0%
58 Viisikymmentäkahdeksan
0%
52 Viisikymmentäkaksi
0%
56 Viisikymmentäkuusi
0%
54 Viisikymmentäneljä
0%
55 Viisikymmentäviisi
0%
51 Viisikymmentäyksi
0%
9 Yhdeksän
0%
93 Yhdeksänkymmentäkolme
0%
96 Yhdeksänkymmentäkuusi
0%
94 Yhdeksänkymmentäneljä
0%
19 Yhdeksäntoista
0%
No matching quizzes found
Score Distribution
Percent of People with Each Score
Percentile by Number Answered
Your Score History
You have not taken this quiz